=LDR 00000nam 2200000 4500 =001 INLIS000000000033176 =005 20130612135139 =008 ***********************************ind** =035 ##$$0010-061300000033176 =041 ##$$a ind =082 ##$$a 659.2 =090 ##$$a 659, Nur h =100 ##$$a Nurudin =245 ##$$a Hubungan media konsep dan aplikasi, Nurudin =260 ##$$a 2008 $b Jakarta =300 ##$$a xiii,174 hlm, 21 cm =650 ##$$a Hubungan masyarakat =850 ##$$a NBPNMAT